000 00643nam a2200229Ia 4500
003 OSt
005 20220926043544.0
006 a|||||r|||| 00| 0
007 ta
008 220923b |||||||| |||| 00| 0 eng d
037 _cGeneral Book
040 _aRTL
_cRTL
_beng
041 _2eng
_aeng
082 _aUb4, J8;2
100 _aAckerman Edward A
_9315414
245 0 _aGeography as fundamental research discipline
260 _c1958
490 _aUniversity of Chicago department of geography research paper ,53
650 _aGeography
942 _hUb4, J8;2
_cGB
_2CC
999 _c672599
_d672599